01583nam a2200361 a 4500001001000000003000500010005001700015008004100032010001100073011001100084040000900095090001000104100004100114245017600155260004100331500006000372502008700432590004000519590004000559590004000599590004000639650004700679650004000726650003500766650003200801856007000833901000700903942001000910942000600920999001900926952014000945952013601085000111806CHAP20220329144229.0150817s2015 mx a fsm |||||||spa d a108267 a109239 cCHAP aTesis1 aSerrano Ramírez, Elizabeth912976210aAnálisis de la conectividad para bosques templado en tres áreas naturales protegidas del eje neovolcánico transversalh[En línea]cpor Elizabeth Serrano Ramírez. aChapingo, Méx. :bEl autor,c2015. aPara ver el contenido del material haga clic en la liga aTesis (Ing. en Restauración Forestal) -- UACH. División de Ciencias Forestales aE5995AHEb05c20150817lUCH01h1359 aE5995AHEb05c20150817lUCH01h1400 aE5995AHEb05c20150817lUCH01h1417 aE5995AHEb05c20150817lUCH01h142414aÁreas protegidaszMéxico (Edo.).9687814aBosquesxRegiones templadas.91438014aBosquesxUtilización.91440514aEcología forestal.935176 aFinding aiduhttp://10.13.5.2/tesis/sist111806.pdfzTeclea aquí aBK cTESIS n0 c108267d108267 00102local4053708TESISaBCbBCcPA_TESISd2015-08-17fTESISl0oTesisp33724002507496r2019-12-31 00:00:00tc.2w2019-12-31yTESIS 00104054718TESISaBCbBCd2015-08-17fTESISl0oTesisp33724002507538r2019-12-31 00:00:00w2019-12-31yTESISzRecien adquirido